| 000 | 00938nas a2200253Ia 4500 | ||
|---|---|---|---|
| 001 | R224/C6213 | ||
| 003 | IT-RoPAU | ||
| 008 | 151124c99999999xx |||||||||||| ||und|| | ||
| 040 | _aIT-RoPAU | ||
| 040 | _cIT-RoPAU | ||
| 041 | _aINGLESE | ||
| 100 |
_aDe Marco Nick _gCodice Aut. SPICS: 48175 |
||
| 210 | _aBERENICE | ||
| 222 | _aBerenice | ||
| 245 |
_aBERENICE, ANNO 01-N.03 (NOVEMBRE 1993) _bBlast And The Anti-Romanticism Of The Radical Avant-Garde: In Search Of A New Poetry |
||
| 250 | _a1a ed. | ||
| 260 |
_aROMA _bPAGINE S.R.L. _c1993 |
||
| 501 |
_bPaulus - SPICS - Società San Paolo EM (non-commercial uses only) _cCopyright2015 |
||
| 300 | _a11 p. [379-389] | ||
| 362 | _aANNO 001, N.03 (NOVEMBRE 1993) | ||
| 500 | _aStoria della Piccola Tivista "Blast" e L'Antiromanticismo dell'Avanguardiaradicale: in Cerca di una Nuova Poesia. Rivista Nata nel 1914. | ||
| 650 |
_aESTETICA _vPUBBLICAZIONE PERIODICA |
||
| 942 | _cCR | ||
| 999 |
_c109966 _d109966 |
||